Blood (Record no. 5385)

MARC details
000 -CABECERA
campo de control de longitud fija 03962cam a2200433 i 4500
001 - NÚMERO DE CONTROL
campo de control 10400261
003 - IDENTIFICADOR DEL NÚMERO DE CONTROL
campo de control CaAEU
005 - FECHA Y HORA DE LA ÚLTIMA TRANSACCIÓN
campo de control 20260305144149.0
008 - DATOS DE LONGITUD FIJA--INFORMACIÓN GENERAL
campo de control de longitud fija 240108t20242024nyua e b 001 0 eng d
010 ## - NÚMERO DE CONTROL DE LA BIBLIOTECA DEL CONGRESO
Número de control de LC 2023944266
020 ## - NÚMERO INTERNACIONAL ESTÁNDAR DEL LIBRO
Número Internacional Estándar del Libro 9780806540689
Información calificativa (hardcover)
020 ## - NÚMERO INTERNACIONAL ESTÁNDAR DEL LIBRO
Número Internacional Estándar del Libro 0806540680
Información calificativa (hardcover)
035 ## - NÚMERO DE CONTROL DEL SISTEMA
Número de control de sistema on1416852906
037 ## - FUENTE DE ADQUISICIÓN
Fuente del número de adquisición Kensington Pub Corp, C/O Penguin Random House Attn: Order Processing 405 Murray Hill Pkwy, East Rutherford, NJ, USA, 07073-2136
Nota SAN 201-3975
039 ## - NIVEL DE CONTROL BIBLIOGRÁFICO Y DETALLES DE CODIFICACIÓN [OBSOLETO]
Nivel de reglas en descripción bibliográfica exclude
040 ## - FUENTE DE LA CATALOGACIÓN
Centro catalogador/agencia de origen IMmBT
Lengua de catalogación eng
Normas de descripción rda
Centro/agencia transcriptor JRQ
Centro/agencia modificador OCLCO
-- YDX
-- OCLCO
-- VRP
-- ACN
-- IK2
-- OCLCO
-- JTH
-- RNL
-- IOU
-- LIV
-- TXSCH
-- HQC
-- IMT
-- CDX
-- AEVC
041 ## - CÓDIGO DE LENGUA
Código de lengua del texto/banda sonora o título independiente English
050 14 - SIGNATURA TOPOGRÁFICA DE LA BIBLIOTECA DEL CONGRESO
Número de clasificación QP263
Número de documento/Ítem .G86 2024
060 #4 - SIGNATURA TOPOGRÁFICA DE LA NATIONAL LIBRARY OF MEDICINE
Número de clasificación WP 550
082 04 - NÚMERO DE LA CLASIFICACIÓN DECIMAL DEWEY
Número de clasificación 612.6/62
Número de edición 23/eng/20240108
090 ## - LOCALMENTE ASIGNADO TIPO-LC NÚMERO DE CLASIFICACIÓN (OCLC); NÚMERO DE CLASIFICACIÓN LOCAL (RLIN)
Número de clasificación (OCLC) (R) ; Numero de clasificación, CALL (RLIN) (NR) 612.662 GUN
Número cutter local (OCLC) ; Número de libro/Signatura topográfica íntegra, CALL (RLIN) AEVC
100 ## - ENTRADA PRINCIPAL--NOMBRE DE PERSONA
Nombre de persona Gunter, Jen,
Término indicativo de función/relación author.
9 (RLIN) 26803
245 10 - MENCIÓN DE TÍTULO
Título Blood
Resto del título : the science, medicine, and mythology of menstruation
Mención de responsabilidad, etc. / Dr. Jen Gunter.
246 30 - FORMA VARIANTE DE TÍTULO
Título propio/Titulo breve Science, medicine, and mythology of menstruation
264 #1 - PRODUCCIÓN, PUBLICACIÓN, DISTRIBUCIÓN, FABRICACIÓN Y COPYRIGHT
Producción, publicación, distribución, fabricación y copyright New York, NY :
Nombre del de productor, editor, distribuidor, fabricante Citadel Press, Kensington Publishing Corp.,
Fecha de producción, publicación, distribución, fabricación o copyright [2024]
264 #4 - PRODUCCIÓN, PUBLICACIÓN, DISTRIBUCIÓN, FABRICACIÓN Y COPYRIGHT
Fecha de producción, publicación, distribución, fabricación o copyright ©2024
300 ## - DESCRIPCIÓN FÍSICA
Extensión xiv, 462 pages :
Otras características físicas illustrations ;
Dimensiones 24 cm
504 ## - NOTA DE BIBLIOGRAFÍA, ETC.
Nota de bibliografía, etc. Includes bibliographical references (pages 425-451) and index.
505 0# - NOTA DE CONTENIDO CON FORMATO
Nota de contenido con formato Part 1 The menstrual cycle, a primer. Why menstruation? ; Menstrual cycle 101 ; The brain-brain-ovary connection ; The basics of bleeding ; Reproductive hormones: a handbook ; Menarche: journey to the first period ; Menopause: the afterparty — Part 2 Common concerns and menstrual maintenance. The pelvic exam ; Premenstrual symptoms: PMS, PMDD, and breast pain ; Beyond the uterus: hormones and your health ; Menstrual tracking ; The history and safety of menstrual products ; Modern menstrual products ; Menstrual product myths — Part 3 Bleeding and pain. A primer on abnormal bleeding ; Heavy periods ; Bleeding bingo: when periods stop, when they become irregular, and breakthrough bleeding ; Polycystic ovarian syndrome ; Painful periods ; Endometriosis ; Alternative therapies for menstrual pain — Part 4 Contraception and abortion. The history of hormonal contraception ; Estrogen-containing contraceptives: the modern pill, patch, and ring ; Progestin-only methods ; Emergency contraception ; The history of the intrauterine device ; The modern intrauterine device ; Abortion ; Surgical sterilization, barrier contraception, and fertility awareness methods ; Contraception potpourri.
520 ## - SUMARIO, ETC.
Sumario, etc. The New York Times best-selling author of The Vagina Bible offers empowering, period-positive, no-nonsense facts about the science, medicine and myths surrounding menstruation.
520 ## - SUMARIO, ETC.
Sumario, etc. "Most women, transgender, and non-binary people who menstruate can expect to have hundreds of periods in a lifetime. So why is real information so hard to find? Despite its significance, most education about menstruation focuses either on increasing the chances of pregnancy or preventing it. And while both are important for many people, those who menstruate deserve to know more about their bodies than just what happens in service to reproduction. At a time when charlatans, politicians, and social media are succeeding in propagating damaging misinformation with real and devastating consequences, Dr. Jen provides the antidote with science, myth busting, and no-nonsense facts. Not knowing how your body works makes it challenging to advocate for yourself. Consequently, many suffer in silence thinking their bodies are uniquely broken, or they turn to disreputable sources. Blood is a practical, empowering guide to what's typical, what's concerning, and when to seek care"--
Fuente proveedora Publisher's description.
650 #0 - PUNTO DE ACCESO ADICIONAL DE MATERIA--TÉRMINO DE MATERIA
Término de materia o nombre geográfico como elemento de entrada Menstruation.
9 (RLIN) 26804
650 #0 - PUNTO DE ACCESO ADICIONAL DE MATERIA--TÉRMINO DE MATERIA
Término de materia o nombre geográfico como elemento de entrada Menstrual cycle.
9 (RLIN) 26805
650 #0 - PUNTO DE ACCESO ADICIONAL DE MATERIA--TÉRMINO DE MATERIA
Término de materia o nombre geográfico como elemento de entrada Menstruation - Social aspects.
9 (RLIN) 26806
650 #0 - PUNTO DE ACCESO ADICIONAL DE MATERIA--TÉRMINO DE MATERIA
Término de materia o nombre geográfico como elemento de entrada Menstruation - Folklore.
9 (RLIN) 26807
650 #0 - PUNTO DE ACCESO ADICIONAL DE MATERIA--TÉRMINO DE MATERIA
Término de materia o nombre geográfico como elemento de entrada Women - Health and hygiene.
9 (RLIN) 26808
655 #0 - TÉRMINO DE INDIZACIÓN--GÉNERO/FORMA
Datos o término principal de género/forma Informational works
Fuente del término lcgft
9 (RLIN) 23310
942 ## - ELEMENTOS DE ENTRADA AGREGADA (KOHA)
Fuente del sistema de clasificación o colocación Clasificación de Library of Congress
Holdings
Estado de retiro Estado de pérdida Fuente del sistema de clasificación o colocación Estado dañado No para préstamo Biblioteca de origen Biblioteca actual Fecha de adquisición Total de préstamos Fecha visto por última vez Número de copia Precio válido a partir de Tipo de ítem Koha Nota pública
    Clasificación de Library of Congress     TBS Barcelona TBS Barcelona 05/03/2026   05/03/2026 1 05/03/2026 Book SOON AVAILABLE

Powered by Koha